Bane-bādāṛe / (Record no. 61113)

MARC details
000 -LEADER
fixed length control field 00659cam a22002294a 4500
001 - CONTROL NUMBER
control field sa 64008915
003 - CONTROL NUMBER IDENTIFIER
control field DLC
005 - DATE AND TIME OF LATEST TRANSACTION
control field 20260227112057.0
008 - FIXED-LENGTH DATA ELEMENTS--GENERAL INFORMATION
fixed length control field 940602s1963 ii a 000 1 beno
010 ## - LIBRARY OF CONGRESS CONTROL NUMBER
LC control number sa 64008915
025 ## - OVERSEAS ACQUISITION NUMBER
Overseas acquisition number PL480:EP-B-590
035 ## - SYSTEM CONTROL NUMBER
System control number (OCoLC)30538495
040 ## - CATALOGING SOURCE
Original cataloging agency DLC
Transcribing agency DLC
050 00 - LIBRARY OF CONGRESS CALL NUMBER
Classification number PZ90.B4
Item number R24 1963
100 1# - MAIN ENTRY--PERSONAL NAME
Personal name Rahamāna, Hābibura,
Dates associated with a name 1926-1976.
245 10 - TITLE STATEMENT
Title Bane-bādāṛe /
Statement of responsibility, etc. Habībura Rahamāna.
246 1# - VARYING FORM OF TITLE
Display text Title on t.p. verso:
Title proper/short title Bone-badarhe
260 ## - PUBLICATION, DISTRIBUTION, ETC.
Place of publication, distribution, etc. Ḍhākā :
Name of publisher, distributor, etc. Sāiniṃ Buka Ejansī,
Date of publication, distribution, etc. 1963.
300 ## - PHYSICAL DESCRIPTION
Extent 66 p. :
Other physical details ill. ;
Dimensions 21 cm.
546 ## - LANGUAGE NOTE
Language note In Bengali.
650 #0 - SUBJECT ADDED ENTRY--TOPICAL TERM
Topical term or geographic name entry element Children's stories, Bengali.

No items available.

Powered by Koha